| 000 | 00791nam a22002177a 4500 | ||
|---|---|---|---|
| 005 | 20240530110521.0 | ||
| 008 | 160217s2012 ua a g 000 0 ara d | ||
| 017 |
_a2012/1621 _bمصر . دار الكتب المصرية |
||
| 020 | _a9789772936832 | ||
| 040 | _aEG-CaGPL | ||
| 082 | 0 | 4 |
_221 _a364.148\ _bر أ |
| 100 | 0 | _aرضوى فرغلى . | |
| 245 | 1 | 0 |
_aاطفال الشوارع : _bالجنس و العدوانية : دراسة نفسية / _cرضوى فرغلى . |
| 250 | _aط1. | ||
| 260 |
_aالقاهرة : _bمكتبة الدار العربية للكتاب ، _c2012 . |
||
| 300 |
_a149 ص ؛ _c24 سم . |
||
| 650 | 0 | 4 | _aالاطفال المتشردون . |
| 650 | 0 | 4 | _aاطفال الشوارع . |
| 942 |
_2ddc _cBK |
||
| 999 |
_c61888 _d61888 |
||